00483nam a22001577a 450000500170000000800410001702000270005804000090008504100120009408200130010610000180011924501240013726000390026130000080030065000170030820260130131009.0260130b |||||||| |||| 00| 0 eng d a9781470438388c1645.00 aMAIN aEnglish a510bARN aArnold, V. I. aMathematical Understanding of Natureb: Essays on Amazing Physical Phenomena and Their Understanding by Mathematicians  aHyderabad bUniversity Pressc2023 a167 aMathematics